[Event "DRUZYNOWE MISTRZOSTWA POLSKI JUNIOROW - II LIGA"]
[Site "Szczyrk, CKiR Orle Gniazdo ul. Wrzosowa 28a"]
[Date "2014-07-31"]
[Round "9.73"]
[White "Cieslak, Patrycjusz"]
[Black "Karpacz, Piotr"]
[Result "1/2-1/2"]
[WhiteTitle "I"]
[BlackTitle "II+"]
[WhiteElo "1824"]
[BlackElo "1761"]

1. e4 e6 2. Nf3 d5 3. Nc3 Nf6 4. e5 Nfd7 5. d4 c5 6. dxc5 Nc6 7. Bf4 Nxc5 8. Bd3
Be7 9. O-O a6 10. Ne2 Bd7 11. Ned4 Qc7 12. Nxc6 bxc6 13. c4 Qb7 14. b3 O-O 15.
Rb1 Nxd3 16. Qxd3 c5 17. Nd2 d4 18. Qg3 f5 19. exf6 Rxf6 20. Be5 Rg6 21. Qh3 Bc6
22. f3 Bg5 23. Rbd1 Rf8 24. Kh1 Bf4 25. Bxf4 Rxf4 26. Rde1 Qe7 27. g3 Rf8 28.
Kg1 e5 29. Qg2 Rgf6 30. Qe2 Re6 31. Qd3 g6 32. Rf2 Ref6 33. Kg2 g5 34. Ne4 Rf5
35. h3 Kh8 36. Nd2 Qf6 37. Qe2 Re8 38. Ne4 Qe7 39. Nd2 Qf6 40. Kh2 h5 41. g4 hxg4
42. hxg4 Rf4 43. Kg3 Kg7 44. Rh1 Rh8 45. Rxh8 Kxh8 46. a3 a5 47. Rh2+ Kg7 48.
Rf2 Kg8 49. Rf1 e4 50. fxe4 Rxf1 51. Nxf1 Qe5+ 52. Kf2 Bxe4 53. Nd2 Qh2+ 54. Ke1
Qh1+ 55. Nf1 Qf3 56. Nd2 Qh1+ 1/2-1/2

[Event "DRUZYNOWE MISTRZOSTWA POLSKI JUNIOROW - II LIGA"]
[Site "Szczyrk, CKiR Orle Gniazdo ul. Wrzosowa 28a"]
[Date "2014-07-31"]
[Round "9.74"]
[White "Skierski, Jacek"]
[Black "Kucza, Jan"]
[Result "1/2-1/2"]
[WhiteTitle "II"]
[BlackTitle "II"]
[WhiteElo "1547"]
[BlackElo "1460"]

1. d4 d5 2. c4 e5 3. cxd5 Qxd5 4. dxe5 Qxd1+ 5. Kxd1 Nc6 6. Bf4 Bf5 7. f3 O-O-O
8. Nd2 Bb4 9. e4 Be6 10. a3 Bb3+ 11. Ke2 Bxd2 12. Bxd2 Nd4+ 13. Kf2 Nc2 14. Bg5
Nxa1 15. Bxd8 Kxd8 16. Bd3 Be6 17. Ne2 Nb3 18. Rd1 Kc8 19. Nf4 Nc5 20. Bb5 c6
21. Be2 Bb3 22. Rc1 Ne6 23. Nd3 Nd4 24. Bf1 Ne7 25. Ke3 Rd8 26. Nc5 Be6 27. f4
g6 28. h3 b6 29. Ba6+ Kc7 30. Nb7 Rd7 31. g4 Nb3 32. Rc3 Rd2 33. Rxb3 Rh2 34.
Rd3 Rxh3+ 35. Kd2 Rxd3+ 36. Kxd3 Bxg4 37. Nd6 Be6 38. Bc4 h5 39. Nxf7 Kd7 40.
Bxe6+ Kxe6 41. Ng5+ Kd7 42. b4 a6 43. Kd4 h4 1/2-1/2

[Event "DRUZYNOWE MISTRZOSTWA POLSKI JUNIOROW - II LIGA"]
[Site "Szczyrk, CKiR Orle Gniazdo ul. Wrzosowa 28a"]
[Date "2014-07-31"]
[Round "9.75"]
[White "Klementowski, Dawid"]
[Black "Sulkowski, Andrzej"]
[Result "1/2-1/2"]
[WhiteTitle "I"]
[BlackTitle "I"]
[WhiteElo "1659"]
[BlackElo "1615"]

1. e4 e6 2. c4 d5 3. exd5 exd5 4. d4 Bd6 5. Nc3 Nf6 6. Bd3 dxc4 7. Bxc4 O-O 8.
Nge2 Nbd7 9. O-O Nb6 10. Bb3 c6 11. Bf4 Bg4 12. f3 Bf5 13. Kh1 Bg6 14. Qd2 Nh5
15. Bxd6 Qxd6 16. Ne4 Qc7 17. N2c3 Rad8 18. Qf2 Nf4 19. Rad1 Kh8 20. g3 Nfd5 21.
Rfe1 h6 22. a3 Rfe8 23. Rc1 Qb8 24. Re2 Re7 25. Rce1 Rde8 26. Nxd5 Nxd5 27. Bxd5
cxd5 28. Nc3 Rxe2 29. Rxe2 Rxe2 30. Qxe2 Qd6 31. Kg2 f6 32. Qb5 Qe7 33. Nxd5 Qe1
34. Nf4 Bf7 35. Qe2 Qb1 36. Qd2 Qf5 37. Qd3 Qd7 38. Ne2 Be6 39. Nc3 Bf5 40. Qe3
Bh3+ 41. Kf2 Be6 42. Qe4 Qd6 43. Qe3 Qb6 44. Qd2 Bc4 45. Kg2 Qa6 46. d5 Bf1+ 47.
Kf2 Bh3 48. Ne2 Qd6 49. Nf4 Qb6+ 50. Ke2 Qb5+ 51. Ke3 Qc5+ 52. Ke2 Qb5+ 53. Ke3
Qc5+ 54. Ke2 1/2-1/2

[Event "DRUZYNOWE MISTRZOSTWA POLSKI JUNIOROW - II LIGA"]
[Site "Szczyrk, CKiR Orle Gniazdo ul. Wrzosowa 28a"]
[Date "2014-07-31"]
[Round "9.76"]
[White "Mlynarski, Jedrzej"]
[Black "Posluszny, Tomasz"]
[Result "1/2-1/2"]
[WhiteTitle "II"]
[BlackTitle "II"]
[WhiteElo "1455"]
[BlackElo "1490"]

1. d4 Nf6 2. c4 e6 3. Nc3 Bb4 4. e3 Bxc3+ 5. bxc3 O-O 6. Bd3 d6 7. Ne2 c5 8. O-O
Nc6 9. e4 e5 10. d5 Na5 11. Bg5 b6 12. Nc1 Ba6 13. Nb3 Nxb3 14. axb3 Bc8 15. f4
Qe7 16. fxe5 Qxe5 17. Bxf6 gxf6 18. Qd2 Kg7 19. Rae1 Qg5 20. Qxg5+ fxg5 21. e5
dxe5 22. Rxe5 h6 23. Bf5 Bxf5 24. Rfxf5 a5 25. Re7 a4 26. bxa4 Rxa4 27. d6 Kg6
28. Rd5 Kf6 29. Rb7 Rxc4 30. d7 Rd8 31. Rxb6+ Ke7 32. Rxh6 Rxc3 33. Rc6 Rxd7 34.
Rcxc5 Rxc5 35. Rxc5 Kf6 36. Kf2 Rd3 37. Ke2 Rb3 38. Rd5 Rb2+ 39. Kf3 Kg6 40. Re5
Rb3+ 41. Re3 Rxe3+ 42. Kxe3 f5 43. g3 f4+ 44. gxf4 gxf4+ 45. Kxf4 Kh5 1/2-1/2

[Event "DRUZYNOWE MISTRZOSTWA POLSKI JUNIOROW - II LIGA"]
[Site "Szczyrk, CKiR Orle Gniazdo ul. Wrzosowa 28a"]
[Date "2014-07-31"]
[Round "9.78"]
[White "Wagner, Klaudia"]
[Black "Zniszczol, Wiktoria"]
[Result "0-1"]
[WhiteTitle "II"]
[BlackTitle "II"]
[WhiteElo "1230"]
[BlackElo "1028"]

1. d4 d6 2. c4 Nf6 3. Nc3 Nbd7 4. e3 e5 5. Bd3 Be7 6. Nf3 c6 7. O-O O-O 8. Qc2
Re8 9. b3 Qc7 10. Nd2 Nf8 11. Bb2 Ng6 12. Nce4 Be6 13. Nxf6+ Bxf6 14. Ne4 Qe7
15. Nxf6+ Qxf6 16. dxe5 dxe5 17. Bxg6 hxg6 18. f4 Bf5 19. Qe2 Rad8 20. Rfd1 Rxd1+
21. Rxd1 Qh4 22. Qf1 exf4 23. exf4 Bg4 24. Rb1 Bf5 25. Rd1 Qg4 26. h3 Qg3 27.
Qf2 Qxf2+ 28. Kxf2 f6 29. g4 Bc2 30. Rc1 Bd3 31. Rd1 Bc2 32. Rc1 Bd3 33. Rd1 Re2+
34. Kf3 Rxb2 35. Rxd3 Rxa2 36. Rd8+ Kh7 37. Rd7 b6 38. Rd6 c5 39. Rd3 Ra3 40.
Ke3 f5 41. Kd2 Ra2+ 42. Ke3 Rh2 43. h4 Rxh4 44. gxf5 Rh3+ 45. Ke2 Rxd3 46. fxg6+
Kxg6 47. Kxd3 Kf5 48. Ke3 a6 49. Kf3 b5 50. cxb5 axb5 51. Ke3 g6 0-1

[Event "DRUZYNOWE MISTRZOSTWA POLSKI JUNIOROW - II LIGA"]
[Site "Szczyrk, CKiR Orle Gniazdo ul. Wrzosowa 28a"]
[Date "2014-07-31"]
[Round "9.79"]
[White "Kroczka, Gromoslaw"]
[Black "Ruttar, Lukasz"]
[Result "1-0"]
[WhiteTitle "I"]
[BlackTitle "II"]
[WhiteElo "1788"]
[BlackElo "1507"]

1. e4 e5 2. Nf3 Nc6 3. Bc4 Bc5 4. c3 Nf6 5. d3 d6 6. Nbd2 O-O 7. O-O Be6 8. b4
Bb6 9. h3 a6 10. Re1 Qd7 11. Bb3 Rfe8 12. Nc4 Ba7 13. Bg5 b5 14. Ne3 Kh8 15. Bxf6
gxf6 16. Nd5 Qd8 17. Nh4 Ne7 18. Nxf6 Nc6 19. Qf3 Rf8 20. Bd5 Bxd5 21. Qf5 1-0

[Event "DRUZYNOWE MISTRZOSTWA POLSKI JUNIOROW - II LIGA"]
[Site "Szczyrk, CKiR Orle Gniazdo ul. Wrzosowa 28a"]
[Date "2014-07-31"]
[Round "9.80"]
[White "Zarnowski, Krzysztof"]
[Black "Wisniewski, Szymon"]
[Result "0-1"]
[WhiteTitle "I+"]
[BlackTitle "I"]
[WhiteElo "1906"]
[BlackElo "1849"]

1. d4 Nf6 2. c4 c5 3. d5 b5 4. cxb5 a6 5. b6 Qxb6 6. Nc3 d6 7. e4 g6 8. Nf3 Bg7
9. Be2 O-O 10. O-O Bg4 11. Nd2 Bxe2 12. Qxe2 Nbd7 13. Nc4 Qc7 14. a4 Nb6 15. Ne3
Rfb8 16. Bd2 Nfd7 17. f4 Nc8 18. Rfb1 Rb3 19. Nc4 Rab8 20. Nd1 Na7 21. Ra2 e6
22. Ba5 Qc8 23. Nxd6 Qf8 24. Qxa6 exd5 25. Qxa7 Qxd6 26. e5 Qe6 27. Nc3 R3b7 0-1

[Event "DRUZYNOWE MISTRZOSTWA POLSKI JUNIOROW - II LIGA"]
[Site "Szczyrk, CKiR Orle Gniazdo ul. Wrzosowa 28a"]
[Date "2014-07-31"]
[Round "9.81"]
[White "Kozakiewicz, Gracjan"]
[Black "Swider, Pawel"]
[Result "1/2-1/2"]
[WhiteTitle "I"]
[BlackTitle "II"]
[WhiteElo "1589"]
[BlackElo "1400"]

1. d4 d5 2. c4 c6 3. Nc3 Nf6 4. Bg5 dxc4 5. a4 Qb6 6. Qd2 h6 7. Bh4 Bf5 8. Bxf6
exf6 9. e4 Bg6 10. Bxc4 Bb4 11. f3 O-O 12. Nge2 Nd7 13. Nf4 Bh7 14. Qf2 Qa5 15.
Nfe2 Nb6 16. Bb3 f5 17. O-O Bxc3 18. Nxc3 Qb4 19. Ba2 Nc4 20. Bxc4 Qxc4 21. d5
fxe4 22. dxc6 Qxc6 23. fxe4 Bxe4 24. Rfe1 Rfe8 25. Rad1 Qg6 26. Nxe4 Rxe4 27.
Rd7 Rxe1+ 28. Qxe1 Qb6+ 29. Qf2 Qxf2+ 30. Kxf2 Rb8 31. Ke3 Kf8 32. b4 g6 33. b5
Re8+ 34. Kf4 Re7 35. Rd8+ Kg7 36. a5 a6 37. b6 Kf6 38. Rd3 Re6 39. Rd7 Re7 40.
Rd6+ Kg7 41. h4 Re2 42. g3 Ra2 43. Rd7 Rxa5 44. Rxb7 Rb5 45. Rb8 a5 46. Ra8 Rxb6
47. Rxa5 Rf6+ 48. Kg4 Rf2 49. Ra7 h5+ 50. Kh3 Re2 51. Rb7 Kf6 52. Rb5 Re5 53.
Rb7 g5 54. hxg5+ Rxg5 55. Kh4 Kg6 56. Rb8 Rg4+ 57. Kh3 Kg5 58. Rg8+ Kf5 59. Rxg4
hxg4+ 60. Kh4 Kf6 61. Kxg4 Kg6 1/2-1/2

[Event "DRUZYNOWE MISTRZOSTWA POLSKI JUNIOROW - II LIGA"]
[Site "Szczyrk, CKiR Orle Gniazdo ul. Wrzosowa 28a"]
[Date "2014-07-31"]
[Round "9.82"]
[White "Krezolek, Mateusz"]
[Black "Wolski, Lukasz"]
[Result "1/2-1/2"]
[WhiteTitle "III"]
[BlackTitle "II"]
[WhiteElo "1113"]
[BlackElo "1233"]

1. e4 e5 2. Nf3 Nc6 3. Bc4 Bc5 4. c3 Nf6 5. d4 exd4 6. e5 Qe7 7. cxd4 Bb4+ 8. Bd2
Bxd2+ 9. Nbxd2 d5 10. Bb5 O-O 11. O-O Nh5 12. Rc1 Bd7 13. a3 a6 14. Ba4 Rfc8 15.
Nb1 Nd8 16. Nc3 Bxa4 17. Qxa4 c6 18. Qb3 Nf4 19. Rc2 Qe6 20. Ne2 Nxe2+ 21. Rxe2
Qh6 22. Qb4 Rab8 23. Qe7 Qe6 24. Qxe6 Nxe6 25. Re3 h5 26. Rb3 g5 27. Rd1 Kg7 28.
Rb4 Kg6 29. g3 Rc7 30. Rd3 a5 31. Rb6 Nf8 32. Kf1 Nd7 33. Rbb3 b5 34. Re3 Kf5
35. h3 c5 36. Rbd3 cxd4 37. Rxd4 Rc1+ 38. Kg2 Rc5 39. Red3 Nb6 40. g4+ Kg6 41.
Nd2 a4 42. b3 axb3 43. Nxb3 Rc4 44. Kf3 Rxd4 45. Rxd4 Ra8 46. Rb4 Nc4 47. Rxb5
Rxa3 48. Ke2 Nxe5 49. Rb6+ f6 50. gxh5+ Kxh5 51. Nd4 Rxh3 52. Rxf6 Ng4 53. Rf5
Rh2 54. Rxd5 Rxf2+ 55. Kd3 Nf6 56. Rd8 g4 57. Rh8+ Kg6 58. Ne2 Rf3+ 59. Kd4 Nh5
60. Rg8+ Ng7 61. Ke4 Kh7 62. Ra8 Rf7 63. Ra1 Kh6 64. Rg1 Nh5 65. Rh1 Kg5 66. Rg1
Ra7 67. Rg2 Ra3 68. Rg1 Ra4+ 69. Ke3 Ra3+ 70. Ke4 Ra4+ 71. Ke3 Ra3+ 72. Kf2 Nf4
73. Rh1 Nxe2 74. Kxe2 Kf4 75. Rh4 Ra2+ 76. Kd3 Kf3 77. Rh7 Kg2 78. Re7 g3 79.
Ke3 Kf1 80. Rb7 Re2+ 81. Kf3 g2 82. Rb1+ Re1 83. Rxe1+ Kxe1 84. Kxg2 1/2-1/2

[Event "DRUZYNOWE MISTRZOSTWA POLSKI JUNIOROW - II LIGA"]
[Site "Szczyrk, CKiR Orle Gniazdo ul. Wrzosowa 28a"]
[Date "2014-07-31"]
[Round "9.83"]
[White "Skoczek, Karolina"]
[Black "Ziemba, Magdalena"]
[Result "0-1"]
[WhiteTitle "II+"]
[BlackTitle "I"]
[WhiteElo "1516"]
[BlackElo "1589"]

1. e4 e6 2. d4 d5 3. Nc3 dxe4 4. Nxe4 Be7 5. Bc4 Nf6 6. Nxf6+ Bxf6 7. Ne2 O-O 8.
O-O Qe7 9. Qd3 Rd8 10. Qe3 Nc6 11. c3 e5 12. Rd1 Bf5 13. a3 h6 14. Qf3 Bg6 15.
d5 Na5 16. Ba2 Bc2 17. Re1 e4 18. Qf5 Nb3 19. Bxb3 Bxb3 20. Nf4 Qd6 21. Qxe4 Re8
22. Qxe8+ Rxe8 23. Rxe8+ Kh7 24. Re1 Be5 25. g3 Bc4 26. Be3 g5 27. Ne2 Bxd5 28.
f4 gxf4 29. Nxf4 Bc6 30. Rad1 Qf6 31. Rf1 Qf5 32. Kf2 Qe4 33. Ke2 Qc2+ 34. Rd2
Bb5+ 35. Kf2 Qe4 36. Re1 Bc6 37. Bd4 Qf3+ 38. Kg1 Qh1+ 39. Kf2 Qxh2+ 40. Kf1 Qh1+
41. Kf2 Qf3+ 42. Kg1 Qxg3+ 43. Kf1 Bxf4 44. Rf2 Bb5+ 0-1

[Event "DRUZYNOWE MISTRZOSTWA POLSKI JUNIOROW - II LIGA"]
[Site "Szczyrk, CKiR Orle Gniazdo ul. Wrzosowa 28a"]
[Date "2014-07-31"]
[Round "9.84"]
[White "Pedrak, Paulina"]
[Black "Humin, Julia"]
[Result "1-0"]
[WhiteTitle "I"]
[BlackTitle "I"]
[WhiteElo "1395"]
[BlackElo "1457"]

1. e4 c5 2. Nf3 Nc6 3. d4 cxd4 4. Nxd4 Nf6 5. Nc3 e5 6. Ndb5 d6 7. Bd3 a6 8. Na3
b5 9. Nd5 Nxd5 10. exd5 Ne7 11. O-O g6 12. f4 Bg7 13. fxe5 Bxe5 14. Qf3 f5 15.
c4 b4 16. Nc2 Rb8 17. Rb1 b3 18. axb3 Rxb3 19. Qe2 Qb6+ 20. Be3 Qc7 21. Bd4 Bxd4+
22. Nxd4 Qc5 23. Qe3 O-O 24. Rfe1 Rb7 25. Kh1 f4 26. Qg1 Bg4 27. b4 Rxb4 28. Rxb4
Qxb4 29. Rxe7 f3 30. gxf3 Qc3 31. Qxg4 Qc1+ 32. Qg1 Qh6 33. Bf5 Kh8 34. Bg4 Qh4
35. Rd7 Rf6 36. Ne6 h5 37. Qb1 Rf8 38. Nxf8 Qf6 39. Qxg6 Qa1+ 40. Kg2 Qb2+ 41.
Kh3 hxg4+ 42. Qxg4 a5 1-0

[Event "DRUZYNOWE MISTRZOSTWA POLSKI JUNIOROW - II LIGA"]
[Site "Szczyrk, CKiR Orle Gniazdo ul. Wrzosowa 28a"]
[Date "2014-07-31"]
[Round "9.85"]
[White "Niedbala, Wojciech"]
[Black "Slany, Wiktor"]
[Result "1-0"]
[WhiteTitle "I"]
[BlackTitle "II+"]
[WhiteElo "1851"]
[BlackElo "1737"]

1. e4 e5 2. Nf3 Nc6 3. d4 exd4 4. Nxd4 Bc5 5. Be3 Qf6 6. c3 Qg6 7. Qf3 Nxd4 8.
cxd4 Bb4+ 9. Nc3 Ne7 10. Bd3 d5 11. O-O O-O 12. Qf4 dxe4 13. Bxe4 Qd6 14. Qxd6
Bxd6 15. Nb5 Nf5 16. Rac1 Nxe3 17. fxe3 Re8 18. Bd5 Re7 19. Nxd6 cxd6 20. Rxf7
Rxf7 21. Rf1 Be6 22. Bxe6 Raf8 23. e4 g6 24. Rxf7 Rxf7 25. g4 g5 26. a4 Kf8 27.
Bxf7 Kxf7 28. Kf2 Ke6 29. Ke3 Kd7 30. Kd3 Kc6 31. Kc4 a6 32. a5 Kd7 33. Kd5 Ke7
34. e5 dxe5 35. dxe5 Kd7 36. e6+ Ke7 37. Ke5 Ke8 38. Kf6 1-0

[Event "DRUZYNOWE MISTRZOSTWA POLSKI JUNIOROW - II LIGA"]
[Site "Szczyrk, CKiR Orle Gniazdo ul. Wrzosowa 28a"]
[Date "2014-07-31"]
[Round "9.86"]
[White "Blaszczak, Jedrzej"]
[Black "Wojciechowski, Antoni"]
[Result "0-1"]
[WhiteTitle "II"]
[BlackTitle "II+"]
[WhiteElo "1569"]
[BlackElo "1529"]

1. e4 c6 2. d4 d5 3. Nc3 dxe4 4. Nxe4 Bf5 5. Ng3 Bg6 6. h4 h6 7. Nf3 Qc7 8. h5
Bh7 9. Bd3 Bxd3 10. Qxd3 Nd7 11. Bd2 Ngf6 12. O-O-O O-O-O 13. Ne4 Ng4 14. Qe2
Ndf6 15. Nxf6 Nxf6 16. c4 e6 17. c5 Rd5 18. g3 Rxh5 19. Bf4 Qd8 20. Ne5 Rxh1 21.
Nxf7 Rxd1+ 22. Kxd1 Qxd4+ 23. Ke1 Qe4 24. Nxh8 Qxe2+ 25. Kxe2 Bxc5 26. Be5 Kd7
27. Nf7 Ke7 28. Bxf6+ Kxf7 0-1

[Event "DRUZYNOWE MISTRZOSTWA POLSKI JUNIOROW - II LIGA"]
[Site "Szczyrk, CKiR Orle Gniazdo ul. Wrzosowa 28a"]
[Date "2014-07-31"]
[Round "9.87"]
[White "Andrzejewska, Maja"]
[Black "Burzak, Wojciech"]
[Result "0-1"]
[WhiteTitle "II"]
[BlackTitle "II"]
[WhiteElo "1134"]
[BlackElo "1401"]

1. e4 e5 2. Nf3 Nc6 3. Nc3 Nf6 4. d4 exd4 5. Nxd4 Bb4 6. Nxc6 bxc6 7. Bg5 h6 8.
Bh4 g5 9. e5 Ne4 10. Qf3 Bxc3+ 11. bxc3 Nc5 12. Bg3 Rb8 13. Rd1 Ne6 14. Bc4 Qe7
15. O-O c5 16. Rfe1 Bb7 17. Qf6 Qxf6 18. exf6 Rc8 19. Rb1 Bc6 20. Bb5 Bxb5 21.
Rxb5 O-O 22. Rb7 Rb8 23. Reb1 Rxb7 24. Rxb7 d6 25. h3 Ra8 26. Bh2 Kh7 27. g3 Kg6
28. Kg2 Kxf6 29. f4 Kf5 30. Kf3 gxf4 31. gxf4 h5 32. h4 a5 33. a4 Rg8 34. Bg3
Rg4 35. Ra7 Nxf4 36. Rxc7 f6 37. Ra7 Ng6 38. Rxa5 Nxh4+ 39. Kf2 Ke6 40. Ra6 Nf5
41. Bh2 h4 42. a5 h3 43. Bg1 Rg2+ 44. Kf1 Ng3+ 45. Ke1 Rxg1+ 46. Kf2 h2 47. Ra8
h1=Q 48. a6 Qg2+ 49. Ke3 Qxa8 50. Kf2 Qg2+ 51. Ke3 Ke5 52. c4 Rd1 53. a7 Nf1#
0-1

[Event "DRUZYNOWE MISTRZOSTWA POLSKI JUNIOROW - II LIGA"]
[Site "Szczyrk, CKiR Orle Gniazdo ul. Wrzosowa 28a"]
[Date "2014-07-31"]
[Round "9.88"]
[White "Skowron, Mateusz"]
[Black "Poltorak, Sebastian"]
[Result "1/2-1/2"]
[WhiteTitle "I"]
[BlackTitle "II"]
[WhiteElo "1395"]
[BlackElo "1455"]

1. f4 d5 2. Nf3 g6 3. e3 Bg7 4. Be2 Nh6 5. O-O O-O 6. Nc3 c5 7. d3 Nc6 8. Qd2 b6
9. b3 d4 10. exd4 Nxd4 11. Bb2 Nhf5 12. Rab1 Bb7 13. Nd1 Nxe2+ 14. Qxe2 Nd4 15.
Nxd4 Bxd4+ 16. Bxd4 Qxd4+ 17. Qe3 Rfd8 18. Re1 e6 19. Nf2 Qxe3 20. Rxe3 Rd4 21.
g3 a5 22. a4 Rad8 23. Rbe1 Bc6 24. Ne4 Bxe4 25. Rxe4 Kf8 26. Kf2 Ke7 27. Kf3 Rxe4
28. Rxe4 f5 29. Re5 Kf6 30. Ke3 g5 31. c3 g4 32. d4 cxd4+ 33. cxd4 Rd5 34. Kd3
Ke7 35. Kc4 Rxe5 36. dxe5 Kd7 37. Kb5 Kc7 38. b4 axb4 39. Kxb4 Kc6 40. a5 bxa5+
41. Kxa5 Kc5 1/2-1/2

[Event "DRUZYNOWE MISTRZOSTWA POLSKI JUNIOROW - II LIGA"]
[Site "Szczyrk, CKiR Orle Gniazdo ul. Wrzosowa 28a"]
[Date "2014-07-31"]
[Round "9.89"]
[White "Jarmuzek, Karolina"]
[Black "Kubicka, Anna"]
[Result "1/2-1/2"]
[WhiteTitle "I+"]
[BlackTitle "I++"]
[WhiteElo "1742"]
[BlackElo "1760"]

1. e4 c6 2. d4 d5 3. exd5 cxd5 4. Bd3 Nc6 5. c3 Nf6 6. Bf4 Bg4 7. Qb3 Qd7 8. Nd2
e6 9. Ngf3 Bxf3 10. Nxf3 Bd6 11. Bxd6 Qxd6 12. O-O O-O 13. Rae1 Rab8 14. Ne5 a6
15. f4 b5 16. a3 Na5 17. Qc2 Rfc8 18. Re3 Rc7 19. Rh3 g6 20. g4 Nc6 21. Qf2 Qf8
22. Qh4 Qg7 23. Kh1 Ne4 24. Bxe4 dxe4 25. f5 g5 26. Qg3 Nxe5 27. dxe5 Rf8 28.
f6 Qg6 29. Rh5 Rd8 30. h4 h6 31. hxg5 e3 32. Rxh6 Qe4+ 33. Qg2 Rc4 34. Qxe4 Rxe4
35. Kg2 Rxg4+ 36. Kf3 Rxg5 37. Rfh1 Kf8 38. Rh8+ Rg8 39. Kxe3 Rd5 40. Ke4 Rd2
41. R1h2 Rd1 42. Ke3 Re1+ 43. Kd4 Rd1+ 44. Kc5 Rd5+ 45. Kb6 Rxe5 46. Kxa6 Rd5
47. Ka5 e5 48. Kb4 e4 49. c4 bxc4 50. Kxc4 Rd6 51. Rxg8+ Kxg8 52. Re2 Re6 53.
Kd4 Kf8 54. Rxe4 Rxf6 55. b4 Rf1 56. a4 f5 57. Re5 f4 58. a5 f3 59. Rf5+ Ke7 60.
Ke3 Rb1 61. b5 Rb3+ 62. Kf2 Kd6 63. b6 Kc6 64. Rxf3 Rb2+ 65. Ke3 Rb5 66. Rf6+
Kb7 67. Rf7+ Kb8 68. Rf8+ Kb7 69. Rf7+ Kb8 70. Kd4 Rxa5 71. Kc4 Rh5 1/2-1/2

[Event "DRUZYNOWE MISTRZOSTWA POLSKI JUNIOROW - II LIGA"]
[Site "Szczyrk, CKiR Orle Gniazdo ul. Wrzosowa 28a"]
[Date "2014-07-31"]
[Round "9.91"]
[White "Koitka, Jakub"]
[Black "Nun, Grzegorz"]
[Result "1-0"]
[WhiteTitle "I+"]
[BlackTitle "I"]
[WhiteElo "1994"]
[BlackElo "1907"]

1. d4 d5 2. c4 e6 3. Nf3 Nf6 4. Bg5 Be7 5. e3 O-O 6. Nc3 h6 7. Bf4 a6 8. cxd5 exd5
9. Bd3 c5 10. O-O Nc6 11. Rc1 cxd4 12. Nxd4 Nxd4 13. exd4 Bd6 14. Bxd6 Qxd6 15.
Qb3 b5 16. a3 Be6 17. Qb4 Qb8 18. Ne2 Rc8 19. Rxc8+ Qxc8 20. Rc1 Qd7 21. Rc5 Bf5
22. Qd2 Bxd3 23. Qxd3 Re8 24. f3 Qe6 25. Rc2 Rc8 26. Rxc8+ Qxc8 27. Qc3 Qc4 28.
Kf2 Qa2 29. Nc1 Qb1 30. Nd3 Kh7 31. Ne5 Qf5 32. Qd3 Qxd3 33. Nxd3 Ne8 34. Ke2
Kg6 35. Nf4+ Kf5 36. Nxd5 Ke6 37. Nc3 f5 38. Kd3 g5 39. Nd1 Nc7 40. Ne3 h5 41.
g3 a5 42. Nd1 g4 43. fxg4 hxg4 44. Nc3 Kd6 45. a4 bxa4 46. Nxa4 Ne6 47. Nb6 Ng5
48. Nc4+ Kd5 49. Ne3+ Ke6 50. Kc4 Nf3 51. d5+ Kd7 52. Nxf5 Nxh2 53. Kb5 Nf1 54.
Kxa5 Nd2 55. Kb5 Ne4 56. b4 Kc7 57. Kc4 Kb6 58. Kd4 Nd2 59. d6 Kc6 60. b5+ Kd7
61. Kd5 Nb1 62. b6 Nc3+ 63. Kc5 1-0

[Event "DRUZYNOWE MISTRZOSTWA POLSKI JUNIOROW - II LIGA"]
[Site "Szczyrk, CKiR Orle Gniazdo ul. Wrzosowa 28a"]
[Date "2014-07-31"]
[Round "9.92"]
[White "Czerniawski, Krzysztof"]
[Black "Witczak, Jakub"]
[Result "1/2-1/2"]
[WhiteTitle "I"]
[BlackTitle "I"]
[WhiteElo "1761"]
[BlackElo "1828"]

1. e4 e5 2. Nc3 Nf6 3. g3 Bc5 4. Bg2 O-O 5. Nge2 c6 6. O-O d5 7. exd5 cxd5 8. d4
exd4 9. Na4 Be7 10. Nxd4 Nc6 11. Nb3 Bf5 12. Nac5 Qb6 13. Be3 d4 14. Nxd4 Bxc2
15. Qxc2 Bxc5 16. Nf5 Bxe3 17. Nxe3 Nd4 18. Qa4 Rfd8 19. Rad1 Ne2+ 20. Kh1 Rxd1
21. Qxd1 Qxb2 22. Qb1 Qxb1 23. Rxb1 Rb8 24. Rxb7 Rxb7 25. Bxb7 Kf8 26. Kg2 Ke7
27. Nf5+ Kf8 28. Ba6 Nc3 29. Bc4 Nfe4 30. f3 Nd2 31. Bb3 Nxb3 32. axb3 Nb5 33.
f4 g6 34. Ne3 Ke7 35. Nc2 Kd6 36. Kf3 Kd5 37. Ke3 f6 38. Kd3 h6 39. Nb4+ Kc5 40.
Na6+ Kd5 41. Nb4+ Kc5 1/2-1/2

[Event "DRUZYNOWE MISTRZOSTWA POLSKI JUNIOROW - II LIGA"]
[Site "Szczyrk, CKiR Orle Gniazdo ul. Wrzosowa 28a"]
[Date "2014-07-31"]
[Round "9.93"]
[White "Czechowski, Jakub"]
[Black "Fudalej, Slawomir"]
[Result "0-1"]
[WhiteTitle "II"]
[BlackTitle "I"]
[WhiteElo "1356"]
[BlackElo "1615"]

1. e4 e5 2. Nf3 Nc6 3. Bb5 a6 4. Ba4 Nf6 5. O-O Be7 6. Bxc6 dxc6 7. d3 Qd6 8. Nbd2
b5 9. b3 Nd7 10. Bb2 c5 11. a4 c6 12. Re1 O-O 13. c4 Qxd3 14. axb5 cxb5 15. cxb5
Qxb5 16. Nc4 Rd8 17. Ra5 Qc6 18. Qc2 f6 19. Ne3 Bb7 20. Nd5 Bf8 21. Qc4 Kh8 22.
Nh4 Nb6 23. Nxb6 Qxb6 24. Raa1 Bc6 25. Bc3 Bb5 26. Ba5 Bxc4 27. Bxb6 Rdb8 28.
Bxc5 Rxb3 29. Bxf8 Rxf8 30. Rec1 Bd3 31. Nf3 Rfb8 32. Nd2 Rb2 33. Nc4 Rb1 34.
Nd6 Rxa1 35. Rxa1 Rb1+ 36. Rxb1 Bxb1 37. Kf1 Kg8 38. Ke1 Kf8 39. Kd2 Ke7 40. Nf5+
Kd7 41. f3 g6 42. Ne3 Ba2 43. Kc3 Kc6 44. Kb4 Kb6 45. Ng4 a5+ 46. Ka4 Be6 47.
Nxf6 h5 48. h4 Ka6 49. g4 Bf7 50. Nd7 Be8 0-1

[Event "DRUZYNOWE MISTRZOSTWA POLSKI JUNIOROW - II LIGA"]
[Site "Szczyrk, CKiR Orle Gniazdo ul. Wrzosowa 28a"]
[Date "2014-07-31"]
[Round "9.96"]
[White "Raczykowska, Paulina"]
[Black "Zalucka, Emilia"]
[Result "1-0"]
[WhiteTitle "II+"]
[BlackTitle "II"]
[WhiteElo "1242"]
[BlackElo "1159"]

1. e4 e5 2. Nf3 Nc6 3. Bb5 a6 4. Ba4 Nf6 5. d3 Be7 6. Bxc6 dxc6 7. Nxe5 Bd6 8.
Nf3 Bg4 9. O-O O-O 10. h3 Bh5 11. Re1 Re8 12. Nbd2 b5 13. d4 c5 14. e5 Nd5 15.
exd6 Nb4 16. Rxe8+ Qxe8 17. a3 Bxf3 18. Nxf3 Nc6 19. dxc5 cxd6 20. cxd6 Rd8 21.
Bf4 Qe4 22. Bg3 Qe6 23. Qd3 Qd7 24. Ne5 Nxe5 25. Bxe5 f6 26. Bg3 h6 27. Re1 Qc6
28. Re7 Rd7 29. Qg6 Rxe7 30. dxe7 Qd7 31. e8=Q+ Qxe8 32. Qxe8+ 1-0

[Event "DRUZYNOWE MISTRZOSTWA POLSKI JUNIOROW - II LIGA"]
[Site "Szczyrk, CKiR Orle Gniazdo ul. Wrzosowa 28a"]
[Date "2014-07-31"]
[Round "9.97"]
[White "Gladysz, Jakub"]
[Black "Tomaka, Marek"]
[Result "1-0"]
[WhiteTitle "I"]
[BlackTitle "II"]
[WhiteElo "1789"]
[BlackElo "1623"]

1. d4 e6 2. c4 b6 3. Nf3 Bb7 4. Nc3 Bb4 5. Bg5 Nf6 6. e3 Bxc3+ 7. bxc3 d6 8. Be2
Nbd7 9. O-O h6 10. Bxf6 Nxf6 11. Nd2 Ne4 12. Nxe4 Bxe4 13. f3 Bb7 14. Bd3 c5 15.
f4 f5 16. Qh5+ Kd7 17. d5 Qf6 18. dxe6+ Kxe6 19. Rae1 Be4 20. Bxe4 fxe4 21. Qd5+
Ke7 22. Qb7+ Ke6 23. f5+ 1-0

[Event "DRUZYNOWE MISTRZOSTWA POLSKI JUNIOROW - II LIGA"]
[Site "Szczyrk, CKiR Orle Gniazdo ul. Wrzosowa 28a"]
[Date "2014-07-31"]
[Round "9.98"]
[White "Modlich, Kacper"]
[Black "Wilk, Tomasz"]
[Result "0-1"]
[WhiteTitle "II+"]
[BlackTitle "I"]
[WhiteElo "1591"]
[BlackElo "1767"]

1. e4 c5 2. Nf3 Nc6 3. d4 cxd4 4. Nxd4 g6 5. c4 Nf6 6. Nc3 Nxd4 7. Qxd4 d6 8. Be2
Bg7 9. Be3 O-O 10. Qd2 Be6 11. f3 Qa5 12. Rc1 Rfc8 13. b3 a6 14. Na4 Qxd2+ 15.
Kxd2 Nd7 16. g4 Rd8 17. Nc3 b5 18. Nd5 Bxd5 19. cxd5 b4 20. Rc2 Bc3+ 21. Kd1 Rdb8
22. Bd2 Bxd2 23. Kxd2 Nc5 24. Rhc1 a5 25. Bc4 g5 26. Ke3 Kg7 27. Kd4 f6 28. Be2
Rh8 29. Bb5 h5 30. h3 hxg4 31. hxg4 Rh3 32. Ke3 Rah8 33. Rf1 Kf7 34. Rcf2 Rb8
35. Bc4 Ke8 36. Rc1 Kd7 37. Rcc2 Rbh8 38. Rf1 Kc7 39. Rcf2 Kb6 40. Kd4 Nd7 41.
Rg1 Ne5 42. Be2 Rc8 43. f4 Rc2 44. Rd1 gxf4 45. Bf1 Rhc3 46. Rxf4 Rxa2 47. Bd3
Rb2 48. g5 Rbxb3 49. Be2 fxg5 50. Rf8 Re3 51. Bf1 Nf3+ 52. Rxf3 Rxf3 53. Rc1 Rbc3
54. Rxc3 Rxc3 55. Bb5 Kxb5 56. e5 a4 57. e6 a3 58. Ke4 a2 59. Kf5 a1=Q 60. Kg6
0-1

[Event "DRUZYNOWE MISTRZOSTWA POLSKI JUNIOROW - II LIGA"]
[Site "Szczyrk, CKiR Orle Gniazdo ul. Wrzosowa 28a"]
[Date "2014-07-31"]
[Round "9.99"]
[White "Zak, Piotr"]
[Black "Ulatowski, Jakub"]
[Result "0-1"]
[WhiteTitle "II"]
[BlackTitle "II"]
[WhiteElo "1328"]
[BlackElo "1477"]

1. d4 d5 2. c4 e6 3. Bf4 Nf6 4. e3 c6 5. Nc3 Nbd7 6. Nf3 Be7 7. Bd3 O-O 8. O-O
Re8 9. Qc2 Nf8 10. Rac1 Ng6 11. Bg3 Bd6 12. Bxd6 Qxd6 13. Rfd1 Qe7 14. Ne2 Nd7
15. e4 dxe4 16. Bxe4 Nf6 17. Bxg6 hxg6 18. Ne5 Nd7 19. Nxd7 Bxd7 20. h3 Qg5 21.
Qd2 Qe7 22. Rc3 Rad8 23. Rd3 Bc8 24. Ng3 b6 25. a3 Bb7 26. Qf4 Ba6 27. Qc1 Rd7
28. R3d2 Red8 29. Qc3 Bb7 30. b4 Qf6 31. c5 bxc5 32. bxc5 Qf4 33. Qe3 Qxe3 34.
fxe3 f5 35. Ne2 Ba6 36. Kf2 Bxe2 37. Kxe2 Rb7 38. Rd3 Rdb8 39. R1d2 Kf7 40. Kf3
Rb3 41. Kf4 Kf6 42. Kf3 a5 43. Ke2 Rxd3 44. Rxd3 Rb2+ 45. Kf3 g5 46. Kg3 a4 47.
Kf3 g4+ 48. hxg4 fxg4+ 49. Kxg4 Rxg2+ 50. Kf3 Rb2 51. Ke4 Rb3 52. Rxb3 axb3 53.
Kd3 g5 54. a4 Ke7 55. a5 Kd7 0-1